000 00576nam a2200181Ia 4500
008 100921s9999 xx 000 0 und d
082 _b33319
_a891.463 थ 86
100 _aजाईल ना.ज.
245 _aकाहीही.
260 _bमंदार प्रकाशन,पनवेल.
_c1986
300 _a151
_bमयुरेष बुक एजन्सी,कराड
365 _b30
520 _aललित-कथा.
630 _aकाहीही.
650 _aललित-कथा.
730 _aकाहीही.
942 _cBOOK
999 _c782432
_d782429